[Event "Kemerovo Kuzbass-ch"]
[Site "Kemerovo"]
[Date "2012.11.27"]
[Round "6"]
[White "Gruzinskiy, Sergey"]
[Black "Sidorenko, Alexandr Vlad"]
[Result "0-1"]
[WhiteElo "1715"]
[BlackElo "2145"]
[PlyCount "82"]
[EventDate "2012.11.23"]
[EventType "swiss"]
[EventRounds "9"]
[EventCountry "RUS"]
[SourceTitle "CBM 151 Extra"]
[Source "ChessBase"]
[SourceDate "2012.12.18"]
[SourceVersion "1"]
[SourceVersionDate "2012.12.18"]
[SourceQuality "1"]

1. e4 c6 2. d4 d5 3. e5 Bf5 4. Bd3 Bxd3 5. Qxd3 e6 6. Ne2 Ne7 7. 0-0 Nf5 8. Be3 Be7 9. Nbc3 0-0 10. g4 Nxe3 11. fxe3 c5 12. Ng3 Qb6 13. Nce2 Nc6 14. c3 f6 15. exf6 Bxf6 16. Nf4 Rae8 17. Ngh5 c4 18. Qc2 Bg5 19. Qe2 g6 20. Ng3 Qc7 21. Nh3 Bh4 22. Rxf8+ Rxf8 23. Nf4 Qd6 24. Qg2 Bxg3 25. Qxg3 e5 26. Ne2 Qf6 27. Qg2 Qf3 28. Rf1 Qxe3+ 29. Kh1 Rxf1+ 30. Qxf1 Qe4+ 31. Qg2 Qxg2+ 32. Kxg2 exd4 33. Nxd4 Nxd4 34. cxd4 b5 35. Kf3 Kf7 36. Ke3 Kf6 37. h4 h5 38. a3 hxg4 39. Kf4 g3 40. Kxg3 Kf5 41. Kf3 a5 0-1

[Event "Kemerovo Kuzbass-ch"]
[Site "Kemerovo"]
[Date "2012.11.26"]
[Round "5"]
[White "Kudriashov, Anatolij"]
[Black "Sidorenko, Alexandr Vlad"]
[Result "1-0"]
[WhiteElo "1825"]
[BlackElo "2145"]
[PlyCount "88"]
[EventDate "2012.11.23"]
[EventType "swiss"]
[EventRounds "9"]
[EventCountry "RUS"]
[SourceTitle "CBM 151 Extra"]
[Source "ChessBase"]
[SourceDate "2012.12.18"]
[SourceVersion "1"]
[SourceVersionDate "2012.12.18"]
[SourceQuality "1"]

1. e4 c6 2. d4 d5 3. Nc3 dxe4 4. Nxe4 Nd7 5. Bd3 Ngf6 6. Be3 Nxe4 7. Bxe4 Nf6 8. Bd3 Bg4 9. f3 Bh5 10. Nh3 Bg6 11. 0-0 e6 12. Nf4 Bd6 13. c3 Qc7 14. g3 0-0-0 15. Qc2 Nd5 16. Nxd5 exd5 17. Kg2 Rhe8 18. Rae1 Re6 19. Bf5 Kb8 20. Rf2 Rde8 21. Rfe2 Qe7 22. Kf2 Qf6 23. Bxg6 hxg6 24. Qd3 g5 25. Bd2 g4 26. Rxe6 fxe6 27. Kg2 gxf3+ 28. Qxf3 Kc7 29. Qxf6 gxf6 30. Rf1 Rf8 31. h4 Rg8 32. Bf4 e5 33. dxe5 fxe5 34. Bg5 c5 35. Rf7+ Kc6 36. g4 d4 37. cxd4 cxd4 38. Kf3 Kd5 39. Rxb7 e4+ 40. Ke2 Rf8 41. Rb5+ Kc4 42. Rf5 Re8 43. Bf6 Re6 44. g5 e3 1-0

[Event "Sibiria Region-ch Seniors"]
[Site "Prokopevsk"]
[Date "2012.03.13"]
[Round "2"]
[White "Morokov, Anatoliy"]
[Black "Sidorenko, Alexandr Vlad"]
[Result "0-1"]
[WhiteElo "1734"]
[BlackElo "2145"]
[PlyCount "78"]
[EventDate "2012.03.12"]
[EventType "swiss"]
[EventRounds "9"]
[EventCountry "RUS"]
[SourceTitle "EXT 2013"]
[Source "ChessBase"]
[SourceDate "2012.11.22"]
[SourceVersion "1"]
[SourceVersionDate "2012.11.22"]
[SourceQuality "1"]

1. e4 c6 2. d4 d5 3. Nc3 dxe4 4. Nxe4 Bf5 5. Ng3 Bg6 6. h4 h6 7. Nf3 Nd7 8. h5 Bh7 9. Bd3 Bxd3 10. Qxd3 Ngf6 11. c4 e6 12. Be3 Bb4+ 13. Ke2 Bd6 14. c5 Bxg3 15. fxg3 Nd5 16. Bf4 Nxf4+ 17. gxf4 Nf6 18. Ne5 Qd5 19. Rag1 Qxa2 20. Nc4 b5 21. Nd6+ Ke7 22. Qd2 Qd5 23. g4 Ne4 24. Qe3 Nxd6 25. cxd6+ Qxd6 26. g5 Rhd8 27. Qa3 b4 28. Qe3 Qxd4 29. Qxd4 Rxd4 30. gxh6 gxh6 31. Ke3 Rad8 32. Rg7 Rd3+ 33. Kf2 Rd2+ 34. Kg3 R8d3+ 35. Kh4 Rf2 36. f5 exf5 37. Re1+ Kf6 38. Re6+ Kxe6 39. Rg3 Rh2+ 0-1

[Event "Kuzbass-ch op"]
[Site "Kemerovo"]
[Date "2011.10.18"]
[Round "6"]
[White "Zenkov, Gennadiy"]
[Black "Sidorenko, Alexandr Vlad"]
[Result "1/2-1/2"]
[WhiteElo "2064"]
[BlackElo "2147"]
[PlyCount "176"]
[EventDate "2011.10.14"]
[EventType "swiss"]
[EventRounds "9"]
[EventCountry "RUS"]
[SourceTitle "EXT 2012"]
[Source "ChessBase"]
[SourceDate "2011.11.24"]
[SourceVersion "1"]
[SourceVersionDate "2011.11.24"]
[SourceQuality "1"]

1. e4 c6 2. d4 d5 3. e5 Bf5 4. c3 e6 5. Be2 Ne7 6. Nf3 Bg6 7. 0-0 Nf5 8. Qb3 b6 9. a4 Be7 10. Na3 0-0 11. Nc2 c5 12. Ne3 Nc6 13. Nxf5 Bxf5 14. Be3 Bg4 15. h3 Bxf3 16. Bxf3 cxd4 17. cxd4 Na5 18. Qd3 Nc4 19. Bc1 Rc8 20. Bd1 f5 21. exf6 Bxf6 22. Bg4 Rc6 23. b3 Na5 24. Ba3 Re8 25. Rac1 Rxc1 26. Rxc1 Qd7 27. Re1 g6 28. Bb2 Kf7 29. g3 h5 30. Bd1 Nc6 31. g4 hxg4 32. Bxg4 Nd8 33. Re3 Qd6 34. Rf3 Rh8 35. Bc1 Kg7 36. Bf4 Qb4 37. Be3 Qe7 38. Rg3 Kf7 39. Bd1 Rg8 40. Bc2 g5 41. Kf1 Rg7 42. f4 gxf4 43. Rxg7+ Bxg7 44. Qg6+ Kf8 45. Bf2 Qf6 46. Qg4 Nf7 47. h4 Nd6 48. Qe2 Nf5 49. Bxf5 Qxf5 50. Qf3 Qb1+ 51. Be1 Qe4 52. Bb4+ Kg8 53. Qh5 Qh1+ 54. Ke2 Qg2+ 55. Ke1 Qg1+ 56. Ke2 f3+ 57. Qxf3 Qxd4 58. Be1 Qb2+ 59. Kd1 Qb1+ 60. Ke2 Qf5 61. Qxf5 exf5 62. Bg3 Kh7 63. Bb8 a6 64. Ba7 b5 65. Ke3 Kg6 66. Kf4 d4 67. Bc5 Bh6+ 68. Kf3 d3 69. axb5 axb5 70. Bd4 Kh5 71. Bf6 d2 72. Ke2 Bf4 73. Kd1 Bg3 74. Kxd2 Bxh4 75. Be5 Kg4 76. Ke2 f4 77. Bd6 f3+ 78. Kf1 Kf5 79. Bc5 Ke4 80. Bd6 Bf6 81. Kf2 Bd4+ 82. Kf1 Kd5 83. Be7 Bc5 84. Bf6 b4 85. Bg7 Ke4 86. Bf6 Kd3 87. Bh4 Kc2 88. Be1 Kxb3 1/2-1/2

[Event "Kuzbass-ch op"]
[Site "Kemerovo"]
[Date "2011.10.15"]
[Round "2"]
[White "Kamaldinov, Lev"]
[Black "Sidorenko, Alexandr Vlad"]
[Result "1/2-1/2"]
[WhiteElo "2085"]
[BlackElo "2147"]
[PlyCount "63"]
[EventDate "2011.10.14"]
[EventType "swiss"]
[EventRounds "9"]
[EventCountry "RUS"]
[SourceTitle "EXT 2012"]
[Source "ChessBase"]
[SourceDate "2011.11.24"]
[SourceVersion "1"]
[SourceVersionDate "2011.11.24"]
[SourceQuality "1"]

1. e4 c6 2. d4 d5 3. exd5 cxd5 4. c4 Nf6 5. Nc3 e6 6. Bg5 Be7 7. Nf3 0-0 8. Bd3 dxc4 9. Bxc4 Nc6 10. 0-0 a6 11. Rc1 b5 12. Bd3 Nb4 13. Bb1 Bb7 14. a3 Nbd5 15. Re1 Nxc3 16. bxc3 Nd5 17. Qd3 g6 18. Bxe7 Qxe7 19. c4 bxc4 20. Rxc4 Rac8 21. Ba2 Qd6 22. Ng5 Nf4 23. Qe3 Bd5 24. Ne4 Bxe4 25. Qxe4 Nd5 26. Qf3 Kg7 27. g3 Nb6 28. Qe4 Rc7 29. h4 Rd7 30. Rd1 Nd5 31. Qf3 Rc7 32. Rd3 1/2-1/2

[Event "Kuzbass-ch"]
[Site "Kemerovo"]
[Date "2010.10.26"]
[Round "5"]
[White "Sidorenko, Alexandr Vlad"]
[Black "Starkov, S."]
[Result "1/2-1/2"]
[WhiteElo "2165"]
[BlackElo "2221"]
[PlyCount "80"]
[EventDate "2010.10.23"]
[EventType "swiss"]
[EventRounds "9"]
[EventCountry "RUS"]
[SourceTitle "EXT 2011"]
[Source "ChessBase"]
[SourceDate "2010.11.26"]
[SourceVersion "1"]
[SourceVersionDate "2010.11.26"]
[SourceQuality "1"]

1. d4 d5 2. c4 Nc6 3. Nc3 e5 4. cxd5 Nxd4 5. e3 Nf5 6. Nf3 Bd6 7. Bb5+ Kf8 8. 0-0 Nh4 9. Nxh4 Qxh4 10. e4 Nf6 11. f3 g5 12. Qe1 Qh5 13. Ne2 Qg6 14. Ng3 h5 15. Bd3 h4 16. Nf5 Nh5 17. Nxd6 cxd6 18. Rf2 Nf4 19. Bxf4 gxf4 20. Rc1 Rg8 21. Rfc2 Kg7 22. Bf1 h3 23. Kh1 Qh5 24. Rc7 hxg2+ 25. Bxg2 Rh8 26. Qg1 Kf6 27. R1c2 Qh4 28. Bf1 Qg3 29. Qxg3 fxg3 30. Kg1 gxh2+ 31. Rxh2 Rg8+ 32. Kf2 Rd8 33. Kg3 Rb8 34. Rh6+ Kg7 35. Rh4 Bd7 36. Rh2 a6 37. Rhc2 Kf6 38. Kf2 Kg7 39. Ke3 Kf8 40. Rh2 Kg7 1/2-1/2

[Event "SFR-ch Seniors"]
[Site "Kiselevsk"]
[Date "2010.10.17"]
[Round "9"]
[White "Sidorenko, Alexandr Vlad"]
[Black "Pesniak, Nikolai"]
[Result "1-0"]
[WhiteElo "2165"]
[BlackElo "2028"]
[PlyCount "75"]
[EventDate "2010.10.11"]
[EventType "swiss"]
[EventRounds "9"]
[EventCountry "RUS"]
[SourceTitle "EXT 2022"]
[Source "ChessBase"]
[SourceDate "2021.10.06"]
[SourceVersion "1"]
[SourceVersionDate "2021.10.06"]
[SourceQuality "1"]

1. e4 c5 2. Nc3 Nc6 3. g3 g6 4. Bg2 Bg7 5. d3 d6 6. f4 e6 7. Nf3 Nge7 8. 0-0 Qb6 9. h3 a6 10. Kh2 Nd4 11. Ne2 Nxf3+ 12. Bxf3 Qc7 13. c3 Rb8 14. Be3 b5 15. d4 0-0 16. g4 Bb7 17. Ng3 Bc8 18. Rc1 f5 19. gxf5 exf5 20. e5 c4 21. h4 Kf7 22. Qe2 d5 23. a3 Ke6 24. Rh1 Bd7 25. Kg2 Rh8 26. h5 Ra8 27. Kf2 Qd8 28. Rcg1 a5 29. Bd2 a4 30. Rh2 Bc6 31. Kf1 Be8 32. Rgh1 Bc6 33. Qf2 Qe8 34. Ne2 Qf8 35. h6 Bxh6 36. Rxh6 Be8 37. Be1 Qf7 38. Qg2 1-0

[Event "SFR-ch Seniors"]
[Site "Kiselevsk"]
[Date "2010.10.15"]
[Round "7"]
[White "Sidorenko, Alexandr Vlad"]
[Black "Martjushov, Vasily"]
[Result "1-0"]
[WhiteElo "2165"]
[BlackElo "2087"]
[PlyCount "121"]
[EventDate "2010.10.11"]
[EventType "swiss"]
[EventRounds "9"]
[EventCountry "RUS"]
[SourceTitle "EXT 2022"]
[Source "ChessBase"]
[SourceDate "2021.10.06"]
[SourceVersion "1"]
[SourceVersionDate "2021.10.06"]
[SourceQuality "1"]

1. e4 e5 2. Nf3 Nc6 3. Nc3 Nf6 4. d4 exd4 5. Nxd4 d6 6. Be2 Be7 7. Be3 Nxd4 8. Bxd4 Bd7 9. f4 Bc6 10. Bf3 0-0 11. 0-0 Re8 12. Qd3 Nd7 13. b4 Nf8 14. b5 Bd7 15. Nd5 a6 16. a4 Ne6 17. f5 Nc5 18. Bxc5 dxc5 19. Rfd1 axb5 20. axb5 Rxa1 21. Rxa1 c6 22. bxc6 Bxc6 23. c4 Qd6 24. Rb1 Qe5 25. Qc3 Bd6 26. Qxe5 Bxe5 27. g4 h6 28. h4 f6 29. Kf2 Kf8 30. Ke3 Ra8 31. Rb3 Ra2 32. Be2 Ra1 33. h5 Ke8 34. Nf4 Bxf4+ 35. Kxf4 Re1 36. Re3 Kf7 37. e5 fxe5+ 38. Rxe5 Kf6 39. Re6+ Kf7 40. Re5 Kf6 41. Re6+ Kf7 42. Ke3 Ra1 43. Re5 Ra5 44. Bd3 Kf6 45. Kf4 Bd7 46. Rd5 Bc6 47. Rd6+ Ke7 48. Rg6 Kf7 49. f6 gxf6 50. Rxh6 Ra4 51. Ke3 Ra3 52. Rh7+ Ke8 53. Kd2 Ra2+ 54. Kc1 Rg2 55. Bf5 Kf8 56. h6 Rh2 57. Rh8+ Kf7 58. h7 Bf3 59. Rg8 Bxg4 60. Rxg4 Ke7 61. Rg8 1-0